Verejná správa a správne právo

Salvato in:
Dettagli Bibliografici
Autore principale: Škultéty, Peter
Natura: Libro
Lingua:slovacco
Pubblicazione: Bratislava VEDA 2008
Soggetti:
Tags: Aggiungi Tag
Nessun Tag, puoi essere il primo ad aggiungerne!!

MARC

LEADER 00000nam$a2200000$$$4500
001 0094920
005 20240314093614.9
020 |a 978-80-224-1023-6 
041 0 |a slo 
044 |a SK 
245 1 0 |a Verejná správa a správne právo  |c Peter Škultéty 
264 1 |a Bratislava  |b VEDA  |c 2008 
300 |a 201 s. 
610 2 0 |a správa verejná 
610 2 0 |a právo správne 
610 2 0 |a správa štátna 
610 2 0 |a kontrola 
610 2 0 |a polícia 
610 2 0 |a zdravotníctvo 
610 2 0 |a školstvo 
610 2 0 |a konanie správne 
100 1 |a Škultéty, Peter